000 00956nam0a22002651 4500
001 rc\4950689
005 20260406171800.0
021 _aRU
_b67-78090
021 _aRU
_bРг9818-67
035 _a(NLR Aleph) 008857812
090 _a8441812
_c8441812
100 _a20130426d1967 |||y0rusy50 ca
101 0 _arus
102 _aRU
105 _ay z |||||
200 1 _aТрибуна пропагандиста
_e(По материалам метод. конференций)
_fДом полит. просвещения Киевского ОК и ГК КП Украины
210 _aКиев
_cБ. и.
_d1967
215 _a20 с.
_d22
300 _aОтпеч. множит. аппаратом
712 0 2 _aКиевский областной дом политического просвещения
_9373377
_3RU\NLR\AUTH\889939251
801 0 _aRU
_bNLR
_gpsbo
801 1 _aRU
_bELAR
_2rusmarc
852 _aNLR
_j67-6/12127
942 _cBOOK
980 _aNB